| 000 | 00486nam a2200157Ia 4500 | ||
|---|---|---|---|
| 008 | 210716s2001 xx 000 0 und d | ||
| 041 | _aeng | ||
| 082 | _a519.2 DELM | ||
| 100 | _aDelampady, Mohan; Krishnan, T; Ramasubramanian, S. | ||
| 245 | _aPrabability and statistics. | ||
| 250 | _a1 | ||
| 260 |
_aHyderabad _bUniversities Press _c2001 |
||
| 300 | _ax,201 | ||
| 650 | _aProbabilities and applied mathematics(519) | ||
| 700 | _aDelampady, Mohan; Krishnan, T; Ramasubramanian, S. | ||
| 999 |
_c189013 _d189013 |
||